000 00880nam a2200253Ia 4500
003 OSt
005 20221005112428.0
006 a|||||r|||| 00| 0
007 ta
008 221004b |||||||| |||| 00| 0 pan d
020 _a9788190599828 (hbk)
_c350
024 _a11674
037 _b827, 14/03/2014, H.K. Prakashan
_cTextual
040 _aCRL
_cCRL
_bpan
041 _2pan
_apan
082 _aO1,3:g, 153P7
100 _aਗੋਇਲ, ਜੰਗ ਬਹਾਦੁਰ
245 0 _aਵਿFਵ ਸਾਹਿਤ ਦੇ Fਾਹਕਾਰ ਨਾਵਲ
260 _aਚੰਡੀਗੜ
_bਬੁੱਕ ਪਾਵਰ ਭਾਰਤ
_c2012
300 _a276ਪੰ
_ccm.
650 _aਪੰਜਾਬੀ ਸਾਹਿਤ
942 _hO1,3:g, 153P7
_cTEXL
_2cc
999 _c1024865
_d1024865